| 000 | 00471nam a2200157 i 4500 | ||
|---|---|---|---|
| 001 | 49274 | ||
| 003 | ES-MaACL | ||
| 005 | 20230906161922.0 | ||
| 007 | t| | ||
| 008 | 030711s1959 sp ||||1| cat d | ||
| 100 | 1 |
_aCortés, Gabriel. _940850 |
|
| 245 | 1 | 2 |
_aL'atre cami premi de novel-la "Ciutat de Palma" 1959 / _cGabriel Cortés. |
| 260 |
_a[S.l. : _bs.n., _c1959] ( _ePalma : _fAtlante) |
||
| 300 |
_a207 p., 3 lám. ; _c18 cm. |
||
| 852 |
_aES-MaACL _jC-18061 _bR.44239 |
||
| 999 |
_c49274 _d49274 |
||